000 00470nam a2200145Ia 4500
008 210430s9999 xx 000 0 und d
020 _a047040776X (hardcover) | 97804
082 _a658.872 G1461 L
100 _aGalloway, Paul.
_954081
245 4 _aThe little black book of online business :
_cGalloway, Paul.
260 _a[S.l.] :
_bWiley,
_c2009
300 _a272 p. ;
856 _uhttp://www.amazon.com/exec/obidos/ASIN/047040776X/chopaconline-20
942 _2ddc
999 _c564542
_d564542